| 000 | 01409cam a22004097 4500 | ||
|---|---|---|---|
| 001 | 4993400 | ||
| 003 | LIBRIS | ||
| 005 | 20251214151549.0 | ||
| 008 | 011211s1986 xxu|||||||||||000 0|eng|c | ||
| 020 | _a0486652270 | ||
| 040 |
_aLi _cn |
||
| 041 | 1 |
_aeng _hger |
|
| 082 | 4 |
_a530.1 J67 1987 _219 |
|
| 084 |
_a70-01 _2msc |
||
| 084 |
_a78-01 _2msc |
||
| 084 |
_a80-01 _2msc |
||
| 084 |
_a83-01 _2msc |
||
| 084 |
_aUcce _2kssb/6 |
||
| 100 | 1 |
_aJoos, Georg, _d1894-1959 _0https://libris.kb.se/sq47hkzb20qhf66#it |
|
| 240 | 1 | 0 |
_aLehrbuch der theoretischen Physik _lEngelska |
| 245 | 1 | 0 |
_aTheoretical physics / _cGeorg Joos, with the collaboration of Ira M. Freeman. |
| 250 | _a3. ed. | ||
| 264 | 1 |
_aNew York : _bDover, _c1986 |
|
| 300 | _a883 p.21 cm. | ||
| 650 | 0 | _aMathematical physics | |
| 700 | 1 | _aFreeman, Ira Maximilian | |
| 775 | 0 | _w9923021920 | |
| 887 |
_a{"@id":"btmdglvn3802fps","modified":"2020-05-27T12:39:57.582+02:00"} _2librisxl |
||
| 887 |
_a{"@id":"v05s1k21416vzjn","modified":"2024-05-06T17:03:26+02:00"} _2librisxl |
||
| 887 |
_a{"@id":"t5glkvtrrbm4xdh6","modified":"2020-05-27T12:40:22.828+02:00"} _2librisxl |
||
| 900 | 1 | s |
_6100 _q(Georg), _d1894-1959 _uJoos, Georg, _d1894-1959 |
| 942 |
_2ddc _cBK-EN _n0 |
||
| 999 |
_c8324 _d8324 |
||